000 00598nam a22002057a 4500
005 20010101064059.0
008 010101b xxu||||| |||| 00| 0 eng d
020 _a9788183166348
_c800
040 _aLoreto College
041 _aEnglish
082 _a371.102
_bSSC-RUH
100 _aRuhela,S.P.
245 _aTechniques of Teaching Social Sciences
_cS.P.Ruhela
260 _aHyderabad
_bNeelkamal Publications
_c2015
300 _axvi,296p.
_b22cm
504 _aIncludes bibliographical references and indexes.
650 _aSocial Science
_vTeaching Methods
850 _aLCBED
942 _cBK
999 _c40115
_d90594